| 000 | 00775nam a22002297a 4500 | ||
|---|---|---|---|
| 999 |
_c15554 _d15554 |
||
| 003 | AR-CdUCM | ||
| 008 | 190429b ||||| |||| 00| 0 spa d | ||
| 040 |
_aMUNICIPALIDAD PROVINCIAL DEL CUSCO _cBIBLIOTECA MUNICIPAL DEL CUSCO |
||
| 082 |
_aC / 900 / _bC99 |
||
| 110 |
_aRamo de lotería de la sociedad de la beneficencia publica del Cuzco _934661 |
||
| 245 | _aCuzco guía turística / | ||
| 260 |
_aCusco : _bBeneficencia publica del Cuzco, _c1969. |
||
| 300 |
_a46 paginas ; _bIlustraciones, _c23 cm. |
||
| 505 | _aContenido : Quia turística de la Ciudad del Cuzco. | ||
| 650 |
_aCusco _9772 |
||
| 650 |
_aHistoria _9136 |
||
| 650 |
_aFiestas _91046 |
||
| 650 |
_aMonumentos _924588 |
||
| 650 |
_aTemplos _932481 |
||
| 942 |
_2ddc _cLIBROS |
||
| 945 |
_awnts _d2019-04-29 |
||